El repte d'una funció pública més flexible : experiències i horitzons / Francisco Longo experiències i horitzons / Francisco Longo
ISBN:
84-9803-011-0
Descripción Física:
65 p. ; 30 cm
Colección:
Monografies de recursos humans ; 1
Materias:
Funció pública -- Espanya
MARC
| LEADER | 00000nam a2200000Ia 4500 | ||
|---|---|---|---|
| 001 | 16814 | ||
| 008 | 160829s2004 xx 000 0 cat d | ||
| 020 | |a 84-9803-011-0 | ||
| 080 | |a M-5-101 | ||
| 100 | |a Longo, Francisco |9 27964 | ||
| 245 | |a El repte d'una funció pública més flexible : |b experiències i horitzons / Francisco Longo | ||
| 260 | |a Barcelona : |b Diputació de Barcelona, Àrea de Govern Local, |c 2004 | ||
| 300 | |a 65 p. ; |c 30 cm | ||
| 490 | |a Monografies de recursos humans ; 1 | ||
| 590 | |a Bibliografia | ||
| 650 | 0 | |a Funció pública |z Espanya |9 11103 | |
| 710 | 1 | |a Barcelona (Catalunya : Província). |b Àrea de Govern Local |9 54267 | |
| 901 | |a Arxiu | ||
| 942 | |n 1 | ||
| 952 | |0 0 |1 0 |4 0 |6 M5101 |7 1 |9 43409 |a Arxiu |b Arxiu |d 2016-12-01 |l 0 |o M-5-101 |p 16814 |r 2016-12-01 00:00:00 |w 2016-12-01 |y ARXIU | ||
| 999 | |c 45955 |d 45955 | ||